000 00741cab a2200229 4500
001 WB2848-15
008 090401t1992 xxu||||| |||| 00| 0 eng d
035 _a(Sirsi) u55942
041 _aeng
245 _aBranch cuts damage banks
260 _c1992
350 _a0
490 _aTimes
_v7 December 1992, 36(1)
520 _aA report published by The Boston Consulting Group, "Retail banking: will pruning branches kill the tree?" argues that savings in costs gained by branch closures will be minimal compared to the loss in revenue.
650 _aBANKING
650 _aBRANCHES
650 _aCLOSURE
650 _aRETAIL BANKS
690 _aPROPERTY-COMMERCIAL PROPERTY-RETAIL PROPERTY
942 _n0
948 _c04/03/1997
999 _c34182
_d34182